000 00334nam a2200145 i 4500
001 bg
100 1 _aKONDRACKI, Jerzy
245 0 _aGeografia fizyczna Polski /
_cJerzy Kondracki.
250 _aWyd.3 zm.
260 _aWarszawa,
_c1978.
040 _cBPK
041 _apol
942 _cKS
008 s pl f |000 0 pol
999 _c9785
_d9785
856 _uhttp://koha.tu.koszalin.pl/cgi-bin/koha/opac-detail.pl?biblionumber=9785
_yKatalog online BPK